| 000 | 00316nam a22001217a 4500 | ||
|---|---|---|---|
| 999 |
_c23331 _d23331 |
||
| 003 | Nust | ||
| 005 | 20170410162735.0 | ||
| 008 | 130410b xxu||||| |||| 00| 0 eng d | ||
| 020 |
_cAvalable _a8178087537 |
||
| 040 |
_aDLC _bDLC _cRCMS |
||
| 050 | _a621.3822 OPP | ||
| 082 | _a621.3822 OPP | ||
| 100 | _aOppenhiem, Alan V | ||
| 245 | _aDigital Signal Processing | ||
| 260 |
_aIndia _bPearson Education _cc2004 |
||
| 300 |
_axiv,585,p: _bill: _c25,cm. |
||
| 538 | _iShelf # 15, Row # 1, Communication. | ||
| 650 | _aDigital Signal Processing / Electronics | ||
| 856 | _3Table of Content Only | ||
| 942 |
_2ddc _cBK _k621.3822 OPP |
||